| 000 | 00622 a2200193 4500 | ||
|---|---|---|---|
| 999 |
_c5726 _d5726 |
||
| 010 | _aENG-87013 | ||
| 020 |
_a8131301982 _c995.00 |
||
| 035 | _aEN-70546 | ||
| 037 | _bDBAD / PUB | ||
| 082 | 1 | 4 | _a338.4791 |
| 100 | 1 | _aChakraborty, Ahana | |
| 245 | 1 |
_aGlobal tourism / _cby Ahana Chakraborty [and] B.K.Chakravorty |
|
| 260 |
_aNew Delhi _bAPH Publisihing _c2007 |
||
| 270 |
_a4435/36-7, Ansari Road, Daryaganj _bNew Delhi _e110 002 _k23274050 _maphbooks@vsnl.net |
||
| 300 |
_avii, 457 p _c22 cm (Hb) |
||
| 500 | _aIncludes index | ||
| 700 | 1 | _aChakravorty, B.K. | |
| 942 |
_adpl _cEN _2ddc _h338.4791 _mCHA |
||